00193nam a2200073Ia 4500008004100000082000800041100001600049245005400065240331s9999 xx 000 0 und d bFER aFernando ,V 4aThe Migrant Housemaid :bVol.28, No.2-August 1989